000 00594nam a2200205Ia 4500
005 20250508152634.0
008 008 250505s9999 xx 000 0 eng d
037 _aTextual
040 _aFEDL
_beng
_cFEDL
041 _aeng
_2eng
084 _a372.3, MUN
_qFEDL
100 _aMunzer Martha E
_9762039
245 0 _aTeaching science through conservation
260 _aNew York, USA
_bMcGraw-Hill Book Company
_c1960
300 _axvii,470p
650 _aTeaching Technique
700 _a Brandwein Paul F
_9762040
942 _cTEXL
_h372.3, MUN
999 _c1337755
_d1337755